000 00406nam a2200097Ia 4500
005 20250424112903.0
008 250424s9999 xx 000 0 und d
300 _a204 p. :ill. ; 29 cm.
650 _aConflict management--Africa--Congresses. Peace-building--Africa--Congresses. National security--Africa--Congresses. Democratization--Africa--Congresses. International relief--Africa--Congresses.
942 _cSR
999 _c37705
_d37705